00350nam a2200121Ia 450000500170000000800410001708200180005810000210007624500410009726000400013830000110017865000390018920240821155659.0240821s9999||||xx |||||||||||||| ||und|| a891.43109 RAM aSingh, Ramsudhar 0aNai kavita ki lambi kavitayain (HIN) aNai DelhibRadha Publicationsc1993 a320 p. aHindi kavita-itihas aur smalochana